Record Details

My Revision Notes: Cambridge National Level 1/2 Child Development

Miranda Walker (Author).

Record details

  • ISBN: 9781510434691
  • Physical Description: Paperback
  • Publisher: London HODDER EDUCATION 2018
Subject: Child development

Available copies

  • 1 of 1 copy available at Headquarters.
Location Call Number / Copy Notes Barcode Shelving Location Status Due Date
The George Padmore Research Library 201 305.231/WAL 000000180894 300 - Social Issues, Fairy Tales, Folk Tales Available -

No reviews or recommendations are currently available.

Loading shelf browser…

LDR 00620cam a2200205Ka 4500
001490
003HQ
00520190826145419.0
008070101s enka dr 1 eng d
020 . ‡a9781510434691
037 . ‡aBook Aid
082 . ‡a305.231/WAL
100 . ‡aMiranda Walker
245 . ‡aMy Revision Notes: Cambridge National Level 1/2 Child Development
260 . ‡aLondon ‡b HODDER EDUCATION ‡c2018
300 . ‡aPaperback
650 . ‡aChild development
901 . ‡a490 ‡bAUTOGEN ‡c490 ‡tbiblio

Session Timeout

Your session will expire in minutes and seconds.

If you need more time, please click "Continue Session."

Session Ended

Your session has ended. Redirecting to the home page...